| 000 | 01155nam a2200301 a 4500 | ||
|---|---|---|---|
| 001 | ebr10690513 | ||
| 003 | CaPaEBR | ||
| 006 | m u | ||
| 007 | cr cn||||||||| | ||
| 008 | 130506s2013 dcu ss 000 0 eng d | ||
| 020 | _z9780821398203 | ||
| 020 | _z9780821398210 (e-book) | ||
| 040 |
_aCaPaEBR _cCaPaEBR |
||
| 035 | _a(OCoLC)844453435 | ||
| 050 | 1 | 4 |
_aHQ1240 _b.L58 2013eb |
| 245 | 0 | 4 |
_aThe little data book on gender _h[electronic resource] : _b2013. |
| 246 | 3 | 0 | _aData book on gender |
| 260 |
_aWashington, D.C. : _bWorld Bank, _c2013. |
||
| 300 | _avi, 237 p. | ||
| 490 | 0 | _aWorld development indicators | |
| 533 |
_aElectronic reproduction. _bPalo Alto, Calif. : _cebrary, _d2013. _nAvailable via World Wide Web. _nAccess may be limited to ebrary affiliated libraries. |
||
| 650 | 0 |
_aWomen in development _vStatistics. |
|
| 650 | 0 |
_aWomen _xSocial conditions _vStatistics. |
|
| 650 | 0 |
_aWomen _xEconomic conditions _vStatistics. |
|
| 655 | 7 |
_aElectronic books. _2local |
|
| 710 | 2 | _aebrary, Inc. | |
| 856 | 4 | 0 |
_uhttp://site.ebrary.com/lib/rucke/Doc?id=10690513 _zAn electronic book accessible through the World Wide Web; click to view |
| 999 |
_c11632 _d11632 |
||